000 00942nam a22002535i 4500
001 177356
003 ES-MaACL
005 20250827233032.0
008 110317s1969 sp ab |||| | spa d
080 _a930.85"11/13"
080 _a008"11/13"
245 0 4 _aLos descubrimientos del mundo
_b: 1300/1500, una época de calamidades.
250 _a1ª ed.
260 _aBarcelona [etc.] :
_bBruguera,
_c1969.
300 _a253 p. :
_bil. col. y n. ;
_c26 cm.
490 1 _aLas metamorfosis de la humanidad : una historia del arte y el mundo / bajo la dirección de Robert Philippe ;
_v1300/1500
500 _aÍndices.
504 _aBibliografía: p. 239-241.
650 0 4 _aCivilización-
_xHistoria
_911082
700 0 _aRobert, Philippe.
_997813
830 0 4 _aLas metamorfosis de la humanidad: una historia del arte y el mundo
_v1300/1500
_9242127
852 _aES-MaACL
_jE-14705
_xOlim P-1370
999 _c177356
_d177356